Statistics for Movies by Quote

Click here to take the quiz!

General Stats

  • This quiz has been taken 24 times
  • The average score is 2 of 8

Answer Stats

HintAnswer% Correct
I'm gonna make him an offer he can't refuse.The Godfather
73%
You either die a hero, or live long enough to see your self become a villain.The Dark Knight
59%
Funny how?Goodfellas
32%
Boats and Hoes!Step Brothers
32%
What ain't no country I've ever heard of!Pulp Fiction
23%
We buy things we don't need with money we don't have to impress people we don't like.Fight Club
9%
Corn dog's Jackie, Corn dogs for all these people.Semi Pro
5%
Do we look like the two dumbest guys in the world to you?Super Troopers
0%

Score Distribution

Percentile by Number Answered

Percent of People with Each Score

Your Score History

You have not taken this quiz